LIBRARY & INFORMATION CENTRE, KCAET, TAVANUR

ONLINE PUBLIC ACCESS CATALOGUE (OPAC)

Food Processing Waste Management : Treatment and Utilization Technology. (Record no. 14660)

MARC details
000 -LEADER
fixed length control field 00370nam a22001337a 4500
020 ## - INTERNATIONAL STANDARD BOOK NUMBER
ISBN 9789380235592
082 ## - DEWEY DECIMAL CLASSIFICATION NUMBER
Classification number 664.
Item number JOS/FO
245 ## - TITLE STATEMENT
Title Food Processing Waste Management : Treatment and Utilization Technology.
260 ## - PUBLICATION, DISTRIBUTION, ETC. (IMPRINT)
Place of publication New Delhi
Name of publisher New India Publishing Agency
Year of publication 2011
300 ## - PHYSICAL DESCRIPTION
Number of Pages 472
700 ## - ADDED ENTRY--PERSONAL NAME
Personal name Joshi, V.K.
700 ## - ADDED ENTRY--PERSONAL NAME
Personal name Sharma S.K.
942 ## - ADDED ENTRY ELEMENTS (KOHA)
Koha item type Books
Holdings
Withdrawn status Lost status Damaged status Home library Current library Shelving location Date acquired Source of acquisition Cost, normal purchase price Full call number Accession Number Koha item type
      KAUAET KAUAET General Stacks 23/07/2016 Southern Book Star, Tvm. 2000.00 664.02 JOS/FO 24538 Books
free website counter